| Tag |
First Indicator |
Second Indicator |
Subfields |
| LEADER |
00000cas a2200000Ia 4500 |
| 001 |
in00002043973 |
| 005 |
20151101060804.0 |
| 006 |
m d |
| 007 |
cr mnu-------- |
| 008 |
050419c19679999mauuu pss 0 0eng d |
| 022 |
|
|
|y 0010-4841
|
| 035 |
|
|
|a (OCoLC)ocm38584684
|
| 040 |
|
|
|a FGA
|c FGA
|d OCL
|d OCLCQ
|d UtOrBLW
|
| 049 |
|
|
|a TXAM
|
| 090 |
|
|
|a HD9696.C6
|b C65 Electronic
|
| 130 |
0 |
|
|a Computerworld (Online)
|
| 245 |
1 |
0 |
|a Computerworld.
|
| 264 |
|
1 |
|a Framingham, Mass. :
|b CW Communications.
|
| 336 |
|
|
|a text
|b txt
|2 rdacontent
|
| 337 |
|
|
|a computer
|b c
|2 rdamedia
|
| 338 |
|
|
|a online resource
|b cr
|2 rdacarrier
|
| 362 |
1 |
|
|a Print began in 1967.
|
| 500 |
|
|
|a Description based on: Volume 25, issue 1 (Jan. 7, 1991); title from available issues screen (viewed Mar. 10, 1998).
|
| 530 |
|
|
|a Also issued in print.
|
| 538 |
|
|
|a Mode of access: World Wide Web.
|
| 500 |
|
|
|a Electronic resource.
|
| 650 |
|
0 |
|a Computers
|v Periodicals.
|
| 650 |
|
0 |
|a Computer industry
|v Periodicals.
|
| 650 |
|
0 |
|a Electronic data processing
|v Periodicals.
|
| 776 |
1 |
|
|t Computerworld
|x 0010-4841
|w (DLC)sf 84005996
|w (OCoLC)2259660
|
| 949 |
|
|
|a AM_DB_MFHD URL added
|b h
|c 2005/7/11
|e rstovall5
|f 2:09:14 pm
|
| 994 |
|
|
|a C0
|b TXA
|
| 999 |
|
|
|a MARS
|
| 999 |
f |
f |
|s 57b3e221-537e-3e53-b5c3-5413c6127725
|i e0e676bf-78e7-33a4-b2bc-a661eb9c8215
|t 0
|
| 952 |
f |
f |
|a Texas A&M University
|b College Station
|c Electronic Resources
|d Available Online
|t 0
|e HD9696.C6 C65
|g Electronic
|h Library of Congress classification
|
| 998 |
f |
f |
|a HD9696.C6 C65
|t 0
|l Available Online
|